00640nam a2200133Ia 4500008004100000024005400041100007300095245006200168260002600230600002200256856011800278952009300396999001700489250506s9999 xx 000 0 und d a19B-005-PE, 19B-008-PE, 19B-026-PE and 19B-041-PE aMuhammad Kamal, Fahad Mansoor, Waseel Khalid and Muhammad Sadiq Khan 0aPower generatin using savonius vertical axis wind turbine aKarachi:bUITU,c2019 aPower Engineering uhttps://drive.google.com/file/d/16C1X5hNK3M0GoA3q2ly8NLbjgDaJQGDA/view?usp=sharingyClick here for online reading 001040708PR-PEaUITUbUITUd2023-10-19l0pPE-51r2025-05-06 11:34:45w2025-05-06yPR c29103d29103